Sports Quiz

Random Sports or Decade Quiz

NFL Most QB Starts per Decade Quiz Stats

 Plays Quiz Updated Jan 2, 2019

Score 0/60 Timer 10:00
1 Play Today
% Correct
Peyton Manning
98%
Eli Manning
97.4%
Archie Manning
96.8%
Tom Brady
96.2%
Tom Brady
95.7%
Brett Favre
91.7%
Brett Favre
91.7%
Drew Brees
86.3%
Joe Montana
86.1%
Drew Brees
84.8%
Steve Young
82.9%
Dan Marino
82.8%
Dan Marino
82.8%
Aaron Rodgers
81.3%
Philip Rivers
81.2%
Ben Roethlisberger
78.7%
Jake Plummer, Kurt Warner, Daunte Culpepper
78.3%
John Elway
77.7%
John Elway
77.7%
Troy Aikman
74.2%
Donovan McNabb
72.4%
Terry Bradshaw
72.2%
Matt Ryan
70.4%
Joe Flacco
67.3%
Roger Staubach
64.4%
Bart Starr
63.9%
Cam Newton
63.7%
Warren Moon
62.8%
Matthew Stafford
62.6%
Johnny Unitas
62.1%
% Correct
Drew Bledsoe
59.7%
Phil Simms
56.9%
Vinny Testaverde
56.1%
Fran Tarkenton
56.1%
Fran Tarkenton
55.9%
Steve McNair
55.7%
Dan Fouts
53.1%
Matt Hasselbeck
49.9%
Ken Stabler
48.4%
Bob Griese
45.1%
Kerry Collins
42.4%
Ken Anderson
40.4%
Len Dawson
40%
Jeff Garcia
39.5%
Ron Jaworski
33.6%
Danny White
33.4%
Dave Krieg
30.3%
Jeff George
26.3%
Jim Harbaugh
23.4%
Sonny Jurgensen
22.7%
Jim Hart
19.7%
Craig Morton
19.5%
Neil Lomax
18.3%
Tommy Kramer
17.9%
Don Meredith
15.8%
John Brodie
15.6%
Jack Kemp
12.9%
Dan Pastorini
12.6%
Norm Snead
7.8%
Babe Parilli
4.8%

You're not logged in!

Compare scores with friends on all Sporcle quizzes.
OR
Log In

Show Comments

Extras

Top Quizzes Today


Score Distribution

Your Account Isn't Verified!

In order to create a playlist on Sporcle, you need to verify the email address you used during registration. Go to your Sporcle Settings to finish the process.

Report this User

Report this user for behavior that violates our Community Guidelines.

Details: